[Event "Kvinde-DM 2026"]
[Site "Copenhagen"]
[Date "2026.02.14"]
[Round "7.3"]
[White "Gronnemose, Freja Egelund"]
[Black "van den Brink, Nienke"]
[Result "1/2-1/2"]
[WhiteElo "1991"]
[BlackElo "1959"]
[WhiteFideId "1474456"]
[BlackFideId "1452568"]
[EventDate "2026.02.11"]
[EventType "swiss"]
[EventRounds "9"]
[EventCountry "DEN"]
[SourceTitle "Live v. Obro Skakforening"]

1. e4 c6 2. d4 d5 3. Nc3 dxe4 4. f3 e5 5. Be3 Bb4 6. dxe5 Qxd1+ 7. Rxd1 Be6 8. Ne2 Nd7 9. Nd4 exf3 10. gxf3 Bd5 11. Kf2 Bxc3 12. bxc3 Nxe5 13. Nb5 Nh6 14. Nc7+ Ke7 15. Bc5+ Kf6 16. Nxd5+ cxd5 17. Rxd5 Rad8 18. Rxd8 Rxd8 19. Bd4 Nf5 20. f4 Nxd4 21. fxe5+ Kxe5 22. cxd4+ Rxd4 23. Bd3 Ra4 24. Re1+ Kf6 25. Kg3 g6 26. Re8 Rxa2 27. Kf3 Ra3 28. Ke4 Ra4+ 29. Kd5 Rh4 30. Re2 Rh5+ 31. Kd6 a5 1/2-1/2

[Event "Kvinde-DM 2026"]
[Site "Copenhagen"]
[Date "2026.02.14"]
[Round "7.4"]
[White "Ibsen, Metteline"]
[Black "Andries, Leia"]
[Result "0-1"]
[WhiteElo "1748"]
[BlackElo "1931"]
[WhiteFideId "1474952"]
[BlackFideId "1469207"]
[EventDate "2026.02.11"]
[EventType "swiss"]
[EventRounds "9"]
[EventCountry "DEN"]
[SourceTitle "Live v. Obro Skakforening"]

1. e4 e5 2. Nf3 Nc6 3. Bc4 Nf6 4. d4 exd4 5. O-O Nxe4 6. Re1 d5 7. Bxd5 Qxd5 8. Nc3 Qh5 9. Nxe4 Be6 10. Bg5 Bd6 11. Nxd6+ cxd6 12. Bf4 Qd5 13. a4 O-O 14. Rc1 Rad8 15. h3 h6 16. Re2 Bxh3 17. c4 Qf5 18. Bg3 Bg4 19. Qb3 Bxf3 20. gxf3 d3 21. Re3 Nd4 22. Qd1 Ne2+ 23. Rxe2 dxe2 24. Qxe2 Rfe8 25. Qd1 d5 26. c5 Re6 27. Rc3 Rde8 28. Kg2 Re1 29. Qd4 Qh5 30. Qh4 Qxh4 31. Bxh4 Rd1 32. c6 d4 33. Rc5 bxc6 34. Rxc6 d3 35. Rd6 d2 36. Bd8 Ree1 37. Ba5 Rg1+ 38. Kh3 Rh1+ 39. Kg3 Rdg1+ 0-1

[Event "Kvinde-DM 2026"]
[Site "Copenhagen"]
[Date "2026.02.14"]
[Round "7.5"]
[White "Stewart, Tanya Jill Milk"]
[Black "Peng, Li Li"]
[Result "1/2-1/2"]
[WhiteElo "1896"]
[BlackElo "1895"]
[WhiteFideId "1472291"]
[BlackFideId "14132893"]
[EventDate "2026.02.11"]
[EventType "swiss"]
[EventRounds "9"]
[EventCountry "DEN"]
[SourceTitle "Live v. Obro Skakforening"]

1. d4 Nf6 2. Nc3 d5 3. Bf4 e6 4. Nb5 Na6 5. e3 Be7 6. Nf3 O-O 7. h3 c5 8. c3 Ne4 9. Qc2 Qb6 10. a4 c4 11. Nd2 Nxd2 12. Qxd2 Bd7 13. b4 Bxb5 14. axb5 Qxb5 15. Be2 Qc6 16. Qb2 Nc7 17. O-O a6 18. Bxc7 Qxc7 19. b5 axb5 20. Qxb5 Qc6 21. Rab1 Rfb8 22. e4 Qxb5 23. Rxb5 Ra3 24. exd5 Rxc3 25. dxe6 fxe6 26. Bg4 Bf6 27. Bxe6+ Kf8 28. Rd1 Rd3 29. Rc1 Rxd4 30. Rxc4 Rxc4 31. Bxc4 b6 32. g4 h6 33. Kg2 Rc8 34. Bb3 Rc6 35. f4 Bd4 36. Rf5+ Rf6 37. Rxf6+ Bxf6 38. Kf3 g5 39. f5 Ke7 40. h4 gxh4 41. Kg2 Kd6 42. Be6 Ke5 43. Kh3 b5 44. Bf7 b4 45. Be6 Kf4 46. Bc4 Kg5 47. Be6 h5 48. gxh5 Kxh5 49. Bc4 Kg5 50. Be6 Kf4 51. Bf7 Kxf5 52. Bg8 Ke4 53. Bf7 Kd4 1/2-1/2

[Event "Kvinde-DM 2026"]
[Site "Copenhagen"]
[Date "2026.02.14"]
[Round "7.6"]
[White "Rasmussen, Victoria"]
[Black "Shekar, Diya"]
[Result "1-0"]
[WhiteElo "1748"]
[BlackElo "1558"]
[WhiteFideId "1487531"]
[BlackFideId "1472330"]
[EventDate "2026.02.11"]
[EventType "swiss"]
[EventRounds "9"]
[EventCountry "DEN"]
[SourceTitle "Live v. Obro Skakforening"]

1. e4 d6 2. d4 Nf6 3. Nc3 g6 4. Nf3 Bg7 5. Be3 Bg4 6. Qd2 Bxf3 7. gxf3 O-O 8. Bh6 e5 9. Bxg7 Kxg7 10. O-O-O Nc6 11. d5 Nd4 12. f4 Qe7 13. fxe5 dxe5 14. f4 a6 15. fxe5 Ng4 16. Qxd4 c5 17. Qd2 Qxe5 18. h3 Nf6 19. Qg2 b5 20. Re1 Nh5 21. Be2 Nf4 22. Qf3 c4 23. Ref1 Nxe2+ 24. Nxe2 b4 25. h4 h5 26. Rhg1 Kh7 27. Nf4 c3 28. b3 a5 29. Nh3 f6 30. Qg3 Qxe4 31. Nf4 Rg8 32. Re1 Qf5 33. Re7+ Kh6 34. Qe3 g5 35. hxg5+ fxg5 36. Re6+ Kh7 37. Nxh5 Rg6 38. Re7+ Kh8 39. Rh1 Rh6 40. Re8+ Rxe8 41. Qxe8+ Kh7 42. Qe7+ Kg6 43. Qg7# 1-0

[Event "Kvinde-DM 2026"]
[Site "Copenhagen"]
[Date "2026.02.14"]
[Round "7.7"]
[White "Nielsen, Pia"]
[Black "Li, Anna Sofie"]
[Result "0-1"]
[WhiteElo "1586"]
[BlackElo "2096"]
[WhiteFideId "1409700"]
[BlackFideId "1472119"]
[EventDate "2026.02.11"]
[EventType "swiss"]
[EventRounds "9"]
[EventCountry "DEN"]
[SourceTitle "Live v. Obro Skakforening"]

1. c3 d5 2. d4 Nf6 3. Nf3 Bf5 4. Bf4 e6 5. e3 Bd6 6. Bxd6 cxd6 7. Nh4 Be4 8. Nd2 h6 9. Nxe4 dxe4 10. g3 O-O 11. h3 Nc6 12. Qd2 Qe7 13. Be2 Rac8 14. O-O a6 15. Ng2 d5 16. Rfc1 Rfd8 17. Bf1 Rc7 18. Nf4 e5 19. Ne2 Nh7 20. Kh2 Ng5 21. Ng1 f5 22. Bg2 Ne6 23. Rd1 f4 24. exf4 exf4 25. gxf4 Rf8 26. Ne2 Qh4 27. Rf1 Nxf4 28. Ng3 Rcf7 29. Rae1 Nd8 30. Qe3 Nde6 31. a3 Nxg2 32. Kxg2 Nf4+ 33. Qxf4 Rxf4 34. Re3 Rf3 35. Rxf3 exf3+ 36. Kh2 g5 37. Rh1 g4 38. Kg1 Re8 39. hxg4 Re1+ 40. Nf1 Rxf1+ 41. Kxf1 Qxh1# 0-1

[Event "Kvinde-DM 2026"]
[Site "Copenhagen"]
[Date "2026.02.14"]
[Round "8.1"]
[White "Peng, Li Li"]
[Black "Kakulidis, Ellen"]
[Result "1-0"]
[WhiteElo "1895"]
[BlackElo "2061"]
[WhiteFideId "14132893"]
[BlackFideId "1444972"]
[EventDate "2026.02.11"]
[EventType "swiss"]
[EventRounds "9"]
[EventCountry "DEN"]
[SourceTitle "Live v. Obro Skakforening"]

1. e4 e5 2. Nf3 Nc6 3. d4 exd4 4. Nxd4 Bc5 5. Be3 Qf6 6. c3 d6 7. Bc4 Qg6 8. O-O Ne5 9. Be2 Bh3 10. Bf3 Nf6 11. Kh1 Nxf3 12. Qxf3 Bg4 13. Qf4 Nh5 14. Qg5 Qxg5 15. Bxg5 h6 16. Be3 Nf6 17. f3 Bd7 18. Nd2 O-O 19. Nc2 Be6 20. Nb3 Bb6 21. Nbd4 Bd7 22. Kg1 Rfe8 23. c4 c6 24. Nb3 Bc7 25. Bf4 Nh5 26. Bxd6 Bxd6 27. Rad1 Bxh2+ 28. Kxh2 Be6 29. Ne3 Rad8 30. Na5 Bc8 31. g3 Kf8 32. b4 Ke7 33. b5 Rxd1 34. Rxd1 Rd8 35. Rxd8 Kxd8 36. bxc6 b6 37. Nb3 Nf6 38. Nd5 Ne8 39. Kg2 Ba6 40. c5 bxc5 41. Nxc5 Bb5 42. Nb7+ Kc8 43. Na5 a6 44. Kf2 Nd6 45. Ke3 h5 46. Kd4 g5 47. Kc5 Ne8 48. Nb7 Nc7 49. Nd6+ Kb8 50. Nxf7 h4 51. gxh4 gxh4 52. Ng5 Bf1 53. Ne3 Be2 54. f4 Bd3 55. Kd4 Bb1 56. a4 Ne8 57. Nf5 Kc7 58. Kc5 h3 59. Nxh3 Bxe4 60. Nd4 Nf6 61. Ng5 Bd3 62. Nde6+ Kc8 63. Kd6 Bc2 64. a5 Nh5 65. Ke5 Ba4 66. c7 Bd7 67. f5 Kb7 68. f6 Nxf6 69. Kxf6 Kc6 70. Ke7 Bc8 71. Kd8 Bb7 72. Nd4+ Kc5 73. c8=Q+ Bxc8 74. Kxc8 Kb4 75. Nc6+ 1-0

[Event "Kvinde-DM 2026"]
[Site "Copenhagen"]
[Date "2026.02.14"]
[Round "8.2"]
[White "Derlich, Sarah Sima"]
[Black "van den Brink, Nienke"]
[Result "0-1"]
[WhiteElo "2024"]
[BlackElo "1959"]
[WhiteFideId "1469290"]
[BlackFideId "1452568"]
[EventDate "2026.02.11"]
[EventType "swiss"]
[EventRounds "9"]
[EventCountry "DEN"]
[SourceTitle "Live v. Obro Skakforening"]

1. e4 c6 2. d4 d5 3. exd5 cxd5 4. Bd3 Nf6 5. c3 Bg4 6. Qb3 Qc7 7. h3 Bh5 8. Ne2 Bxe2 9. Bxe2 e6 10. Nd2 Nc6 11. Nf3 Bd6 12. O-O O-O 13. Bd3 a6 14. Qc2 h6 15. Qe2 Rfe8 16. Re1 e5 17. dxe5 Nxe5 18. Be3 Nc4 19. Bxc4 dxc4 20. Qc2 Nd5 21. Bd4 Nf4 22. Re4 Qc6 23. Rae1 b5 24. R1e3 Rxe4 25. Qxe4 Qxe4 26. Rxe4 f5 27. Re3 Kf7 28. Ne5+ Bxe5 29. Rxe5 g6 30. Kh2 Nd3 31. Rd5 Ke6 32. Rc5 Nxc5 33. Bxc5 Kd5 0-1

[Event "Kvinde-DM 2026"]
[Site "Copenhagen"]
[Date "2026.02.14"]
[Round "8.3"]
[White "Andries, Leia"]
[Black "Gronnemose, Freja Egelund"]
[Result "1-0"]
[WhiteElo "1931"]
[BlackElo "1991"]
[WhiteFideId "1469207"]
[BlackFideId "1474456"]
[EventDate "2026.02.11"]
[EventType "swiss"]
[EventRounds "9"]
[EventCountry "DEN"]
[SourceTitle "Live v. Obro Skakforening"]

1. e4 e5 2. Nf3 Nc6 3. d4 exd4 4. Nxd4 Bc5 5. Nb3 Bb6 6. Nc3 Nf6 7. Qe2 O-O 8. Bg5 h6 9. Bh4 g5 10. Bg3 d6 11. O-O-O Bg4 12. f3 Be6 13. e5 Re8 14. Ne4 Nxe4 15. fxe4 Qd7 16. h3 a5 17. Kb1 a4 18. Nc1 Nd4 19. Qd3 Qc6 20. exd6 a3 21. b3 Rad8 22. c3 Nb5 23. Qxb5 Qxc3 24. Be5 Qe3 25. Qd3 Qc5 26. Qc3 1-0

[Event "Kvinde-DM 2026"]
[Site "Copenhagen"]
[Date "2026.02.14"]
[Round "8.4"]
[White "Christensen, Astrid Bigum"]
[Black "Durrfeld, Sofie Bech"]
[Result "0-1"]
[WhiteElo "1808"]
[BlackElo "2052"]
[WhiteFideId "1476564"]
[BlackFideId "1451324"]
[EventDate "2026.02.11"]
[EventType "swiss"]
[EventRounds "9"]
[EventCountry "DEN"]
[SourceTitle "Live v. Obro Skakforening"]

1. d4 f5 2. c4 g6 3. g3 Bg7 4. Bg2 Nf6 5. Nc3 d6 6. Nf3 O-O 7. O-O c6 8. Bf4 Nh5 9. Qd2 Nxf4 10. Qxf4 Nd7 11. Rad1 e5 12. dxe5 dxe5 13. Qd2 e4 14. Ng5 Qe7 15. Nh3 Ne5 16. b3 Ng4 17. e3 Ne5 18. Qd6 Qxd6 19. Rxd6 Nf7 20. Nxe4 fxe4 21. Rd2 Ne5 22. Ng5 Nf3+ 23. Bxf3 exf3 24. Rfd1 h6 25. Ne4 Bh3 26. Rd6 Rae8 27. Nc5 Rxe3 28. Ne6 Rxe6 0-1

[Event "Kvinde-DM 2026"]
[Site "Copenhagen"]
[Date "2026.02.14"]
[Round "8.5"]
[White "Li, Anna Sofie"]
[Black "Stewart, Tanya Jill Milk"]
[Result "1-0"]
[WhiteElo "2096"]
[BlackElo "1896"]
[WhiteFideId "1472119"]
[BlackFideId "1472291"]
[EventDate "2026.02.11"]
[EventType "swiss"]
[EventRounds "9"]
[EventCountry "DEN"]
[SourceTitle "Live v. Obro Skakforening"]

1. e4 c6 2. d4 d5 3. exd5 cxd5 4. Bd3 Nc6 5. c3 Qc7 6. h3 e6 7. Nf3 Bd6 8. O-O Nge7 9. Re1 Ng6 10. b3 Nce7 11. c4 O-O 12. Nc3 Bd7 13. c5 Bf4 14. b4 Bxc1 15. Rxc1 Qf4 16. g3 Qf6 17. h4 Nf5 18. h5 Nge7 19. Ne5 Be8 20. b5 Qg5 21. Ng4 Kh8 22. Kg2 Nh6 23. Nxh6 Qxh6 24. a4 f5 25. Rh1 f4 26. Qf3 Nf5 27. Bxf5 Rxf5 28. g4 Rf8 29. Ne2 Qf6 30. Rc3 Rc8 31. Kf1 Rd8 32. c6 bxc6 33. bxc6 Rc8 34. c7 Bxa4 35. Qd3 f3 36. Ng1 a6 37. Qxf3 Bb5+ 38. Kg2 Qe7 39. Qg3 Bc4 40. Nf3 Rxc7 41. Ne5 Kg8 42. Ng6 Qf6 43. Nxf8 Rf7 44. Ng6 hxg6 45. hxg6 Qxg6 46. Qb8+ Rf8 47. Rh8+ Kxh8 48. Qxf8+ Kh7 49. Rh3+ 1-0

[Event "Kvinde-DM 2026"]
[Site "Copenhagen"]
[Date "2026.02.14"]
[Round "8.6"]
[White "Ibsen, Metteline"]
[Black "Rasmussen, Victoria"]
[Result "1/2-1/2"]
[WhiteElo "1748"]
[BlackElo "1748"]
[WhiteFideId "1474952"]
[BlackFideId "1487531"]
[EventDate "2026.02.11"]
[EventType "swiss"]
[EventRounds "9"]
[EventCountry "DEN"]
[SourceTitle "Live v. Obro Skakforening"]

1. e4 c5 2. Nf3 e6 3. d4 cxd4 4. Nxd4 a6 5. Nc3 b5 6. Be2 Bb7 7. O-O b4 8. Na4 Bxe4 9. Re1 d5 10. Bf3 Bxf3 11. Qxf3 Be7 12. c4 bxc3 13. Nxc3 Nf6 14. Bg5 O-O 15. Rac1 Qb6 16. Nb3 Nbd7 17. Ne2 Ne5 18. Qh3 Nc4 19. Ng3 Qb7 20. Nd4 Rfc8 21. b3 Nd6 22. Nxe6 Rxc1 23. Bxc1 fxe6 24. Qxe6+ Kf8 25. Ba3 Qd7 26. Qe5 Re8 27. h4 Kf7 28. Qf4 Bf8 29. Rxe8 Nxe8 30. Bb2 Bd6 31. Qf3 Bxg3 32. Qxg3 d4 33. Qd3 Nc7 34. Qxd4 Qxd4 35. Bxd4 Nb5 36. Bb2 g6 37. f3 Nd5 38. Kf2 Ke6 39. a4 Nd6 40. g3 Nf5 41. g4 Nxh4 42. Kg3 g5 43. Bc1 h6 44. f4 Kf6 45. f5 h5 46. Bb2+ Kf7 47. Bc1 hxg4 48. Kxg4 Nf6+ 49. Kxg5 Nf3+ 50. Kf4 Nd4 51. Ke5 Nxb3 52. Ba3 Nd7+ 53. Kd6 Nb6 54. Kc6 Nxa4 55. Bb4 Nd4+ 1/2-1/2

[Event "Kvinde-DM 2026"]
[Site "Copenhagen"]
[Date "2026.02.14"]
[Round "8.7"]
[White "Shekar, Diya"]
[Black "Nielsen, Pia"]
[Result "1/2-1/2"]
[WhiteElo "1558"]
[BlackElo "1586"]
[WhiteFideId "1472330"]
[BlackFideId "1409700"]
[EventDate "2026.02.11"]
[EventType "swiss"]
[EventRounds "9"]
[EventCountry "DEN"]
[SourceTitle "Live v. Obro Skakforening"]

1. d4 c6 2. Nf3 d5 3. Bf4 Nf6 4. e3 Nh5 5. Bg3 Nxg3 6. hxg3 Bg4 7. Nbd2 Nd7 8. c3 e6 9. Bd3 g6 10. Qc2 Bxf3 11. Nxf3 c5 12. O-O-O cxd4 13. exd4 Bg7 14. Rh2 Rc8 15. Re1 O-O 16. Reh1 h5 17. Qd2 e5 18. Nxe5 Nxe5 19. dxe5 Bxe5 20. Rh3 d4 21. c4 b5 22. b3 bxc4 23. bxc4 Rc5 24. g4 g5 25. Qc2 h4 26. g3 Bf6 27. gxh4 gxh4 28. f4 Qc7 29. Rf1 Rc8 30. g5 Rxc4 31. Bxc4 Qxc4 32. Qxc4 Rxc4+ 33. Kd2 Bd8 34. Rxh4 Bb6 35. Rc1 Ra4 36. Rc8+ Kg7 37. Rhh8 Rxa2+ 38. Kc1 f5 39. Rhg8+ Kf7 40. g6+ Kf6 41. Rc6+ Ke7 42. Rc2 Ra1+ 43. Kb2 Rg1 44. Rc6 Rg4 45. Rg7+ Kd8 46. Rf7 Rxf4 47. g7 Rf2+ 48. Kb3 Rf3+ 49. Ka4 Rg3 50. Rf8+ Kd7 51. g8=Q Rxg8 52. Rxg8 Kxc6 53. Kb3 Kd5 54. Kc2 Ke4 55. Re8+ Kf3 56. Kd3 f4 57. Rf8 Kg3 58. Ke4 d3 59. Rxf4 d2 1/2-1/2

[Event "Kvinde-DM 2026"]
[Site "Copenhagen"]
[Date "2026.02.15"]
[Round "9.1"]
[White "Kakulidis, Ellen"]
[Black "Ibsen, Metteline"]
[Result "1-0"]
[WhiteElo "2061"]
[BlackElo "1748"]
[WhiteFideId "1444972"]
[BlackFideId "1474952"]
[EventDate "2026.02.11"]
[EventType "swiss"]
[EventRounds "9"]
[EventCountry "DEN"]
[SourceTitle "Live v. Obro Skakforening"]

1. d4 d5 2. Nf3 Nf6 3. g3 c5 4. c4 dxc4 5. Qa4+ Bd7 6. Qxc4 cxd4 7. Nxd4 Nc6 8. Bg2 Nxd4 9. Qxd4 Bc6 10. Bxc6+ bxc6 11. Qa4 Qd5 12. O-O Qb5 13. Nc3 Qxa4 14. Nxa4 e6 15. Be3 Be7 16. Rac1 Rc8 17. b3 Rc7 18. Rc4 Nd5 19. Bd4 Bf6 20. e4 Bxd4 21. exd5 c5 22. dxe6 fxe6 23. b4 e5 24. bxc5 O-O 25. Kg2 Rcf7 26. Rc2 e4 27. Nb2 Rc8 28. Na4 Rf5 29. Rc4 Rd5 30. Rd1 Rcd8 31. c6 Be5 32. Rxd5 Rxd5 33. c7 Bxc7 34. Rxc7 Rd2 35. Re7 Rxa2 36. Rxe4 Kf7 37. Nc3 Ra1 38. Ra4 Rxa4 39. Nxa4 a5 40. Kf3 Ke6 41. Ke4 1-0

[Event "Kvinde-DM 2026"]
[Site "Copenhagen"]
[Date "2026.02.15"]
[Round "9.2"]
[White "Durrfeld, Sofie Bech"]
[Black "Andries, Leia"]
[Result "1-0"]
[WhiteElo "2052"]
[BlackElo "1931"]
[WhiteFideId "1451324"]
[BlackFideId "1469207"]
[EventDate "2026.02.11"]
[EventType "swiss"]
[EventRounds "9"]
[EventCountry "DEN"]
[SourceTitle "Live v. Obro Skakforening"]

1. c4 c5 2. g3 g6 3. Bg2 Bg7 4. Nc3 Nc6 5. d3 d6 6. Qd2 e5 7. b3 Nge7 8. Bb2 Be6 9. Nd5 O-O 10. h4 h5 11. e3 Rb8 12. Ne2 a6 13. O-O b5 14. Rad1 Bg4 15. f3 Be6 16. f4 Bg4 17. Rde1 Nf5 18. Kh2 Nce7 19. e4 Nh6 20. fxe5 Nxd5 21. cxd5 Bxe2 22. Rxe2 Ng4+ 23. Kh1 dxe5 24. Bh3 Qd7 25. Bxg4 Qxg4 26. Kh2 Rbc8 27. Ref2 f6 28. Qc2 Qd7 29. a4 b4 30. Bc1 Rc7 31. Qc4 Qd6 32. Be3 Rfc8 33. Qc1 Kh7 34. Rc2 Bf8 35. Rff2 Qb6 36. Rc4 Qd6 37. Rfc2 f5 38. d4 fxe4 39. Rxc5 Rxc5 40. Rxc5 Rxc5 41. Qxc5 Qf6 42. Qc7+ Bg7 43. Qxe5 Qf3 44. Qf4 Qe2+ 45. Kh3 Qd3 46. d6 Qxb3 47. Qxe4 Qxa4 48. d5 Qd7+ 49. Qe6 Qb5 50. Qf7 Qe2 51. d7 Qd1 52. Kh2 Qc2+ 53. Bf2 Qc7 54. Bd4 1-0

[Event "Kvinde-DM 2026"]
[Site "Copenhagen"]
[Date "2026.02.15"]
[Round "9.3"]
[White "Peng, Li Li"]
[Black "Derlich, Sarah Sima"]
[Result "1-0"]
[WhiteElo "1895"]
[BlackElo "2024"]
[WhiteFideId "14132893"]
[BlackFideId "1469290"]
[EventDate "2026.02.11"]
[EventType "swiss"]
[EventRounds "9"]
[EventCountry "DEN"]
[SourceTitle "Live v. Obro Skakforening"]

1. e4 c5 2. Nc3 d6 3. g3 g6 4. Bg2 Bg7 5. d3 Nc6 6. Nge2 e6 7. O-O Nge7 8. f4 Rb8 9. Be3 Nd4 10. Kh1 b5 11. a3 a5 12. b4 Nxe2 13. Nxe2 cxb4 14. axb4 Bxa1 15. Qxa1 Rg8 16. bxa5 d5 17. Bb6 Qd7 18. Qf6 Bb7 19. e5 d4 20. Qh4 Nf5 21. Qxh7 Rf8 22. Qh3 Bxg2+ 23. Kxg2 Ne3+ 24. Kf2 Nxf1 25. Qxf1 Qd5 26. Qa1 Kd7 27. Nxd4 Rfc8 28. Qb2 Rxb6 29. axb6 Qc5 30. b7 Rb8 31. Qxb5+ Qxb5 32. Nxb5 Rxb7 33. c4 Rb8 34. Kf3 Ra8 35. Kg4 Ke7 36. h4 Ra1 37. Kg5 Rd1 38. d4 Rc1 39. c5 Rc4 40. g4 Rb4 41. Nd6 Rb1 42. f5 gxf5 43. gxf5 Rg1+ 44. Kh6 exf5 45. Nxf5+ Ke6 46. Nd6 Kd5 47. h5 Rc1 48. Nxf7 Kxd4 49. Kg6 Rg1+ 50. Kf6 Kxc5 51. h6 Rh1 52. e6 Kc6 53. Ke7 Kd5 54. Kd7 Ra1 55. h7 Ra7+ 56. Ke8 Kxe6 57. Nd8+ 1-0

[Event "Kvinde-DM 2026"]
[Site "Copenhagen"]
[Date "2026.02.15"]
[Round "9.4"]
[White "van den Brink, Nienke"]
[Black "Christensen, Astrid Bigum"]
[Result "1/2-1/2"]
[WhiteElo "1959"]
[BlackElo "1808"]
[WhiteFideId "1452568"]
[BlackFideId "1476564"]
[EventDate "2026.02.11"]
[EventType "swiss"]
[EventRounds "9"]
[EventCountry "DEN"]
[SourceTitle "Live v. Obro Skakforening"]

1. e4 e6 2. d4 d5 3. e5 c5 4. c3 Nc6 5. Nf3 Bd7 6. Bd3 cxd4 7. O-O Nge7 8. Re1 Ng6 9. g3 dxc3 10. Nxc3 Nb4 11. Bb1 Bc5 12. a3 Nc6 13. Na4 Be7 14. h4 Qc7 15. Nc3 h5 16. Bxg6 fxg6 17. Qd3 O-O-O 18. Nb5 Qb6 19. Be3 d4 20. Nbxd4 Kb8 21. Qb3 Nxd4 22. Nxd4 Qxb3 23. Nxb3 Bc6 24. Nd4 Bd5 25. Rac1 Rc8 26. Ne2 Be4 27. Nc3 Bf3 28. Nb5 a6 29. Nd4 Bd5 30. Ne2 Be4 1/2-1/2

[Event "Kvinde-DM 2026"]
[Site "Copenhagen"]
[Date "2026.02.15"]
[Round "9.5"]
[White "Rasmussen, Victoria"]
[Black "Li, Anna Sofie"]
[Result "1/2-1/2"]
[WhiteElo "1748"]
[BlackElo "2096"]
[WhiteFideId "1487531"]
[BlackFideId "1472119"]
[EventDate "2026.02.11"]
[EventType "swiss"]
[EventRounds "9"]
[EventCountry "DEN"]
[SourceTitle "Live v. Obro Skakforening"]

1. e4 e5 2. Nf3 Nc6 3. Bc4 Nf6 4. Ng5 d5 5. exd5 Na5 6. Bb5+ c6 7. dxc6 bxc6 8. Bd3 Be7 9. Ne4 Nd5 10. O-O O-O 11. Re1 f5 12. Nec3 Bd6 13. Nxd5 cxd5 14. Nc3 Bb7 15. Nb5 Bb8 16. b4 Nc6 17. Rb1 a6 18. Nc3 Qd6 19. Bf1 e4 20. g3 d4 21. Na4 Ne5 22. Bg2 Nf3+ 23. Bxf3 exf3 24. Nc5 Bd5 25. c4 f4 26. cxd5 fxg3 27. hxg3 Qh6 28. Re6 Qh3 29. Qf1 Qf5 30. Bb2 Qxd5 31. Rxa6 Rxa6 32. Qxa6 Bd6 33. Qd3 Qh5 34. Qxd4 Rf6 35. Qh4 Qxh4 36. gxh4 Rg6+ 37. Kh1 Rg2 38. Nd3 Rh2+ 39. Kg1 Rg2+ 40. Kh1 1/2-1/2

[Event "Kvinde-DM 2026"]
[Site "Copenhagen"]
[Date "2026.02.15"]
[Round "9.6"]
[White "Gronnemose, Freja Egelund"]
[Black "Shekar, Diya"]
[Result "1-0"]
[WhiteElo "1991"]
[BlackElo "1558"]
[WhiteFideId "1474456"]
[BlackFideId "1472330"]
[EventDate "2026.02.11"]
[EventType "swiss"]
[EventRounds "9"]
[EventCountry "DEN"]
[SourceTitle "Live v. Obro Skakforening"]

1. e4 d6 2. d4 Nf6 3. Nc3 g6 4. f3 Bg7 5. Be3 b6 6. Bd3 O-O 7. Nge2 e5 8. dxe5 dxe5 9. Qd2 Re8 10. O-O-O Be6 11. g4 a6 12. h4 c5 13. Ng3 c4 14. Bf1 Qxd2+ 15. Rxd2 b5 16. h5 Nc6 17. g5 Nd7 18. Rd6 Rac8 19. Bh3 Bxh3 20. Rxh3 Ndb8 21. Rd1 Ne7 22. Nd5 Nxd5 23. exd5 Rcd8 24. Ne4 Nd7 25. Rh2 b4 26. c3 Bf8 27. hxg6 fxg6 28. Kc2 a5 29. d6 Nb8 30. Nf6+ Kg7 31. Rxh7# 1-0

[Event "Kvinde-DM 2026"]
[Site "Copenhagen"]
[Date "2026.02.15"]
[Round "9.7"]
[White "Nielsen, Pia"]
[Black "Stewart, Tanya Jill Milk"]
[Result "1/2-1/2"]
[WhiteElo "1586"]
[BlackElo "1896"]
[WhiteFideId "1409700"]
[EventDate "2026.02.11"]
[EventType "swiss"]
[EventRounds "9"]
[EventCountry "DEN"]
[SourceTitle "Live v. Obro Skakforening"]

1. c3 d5 2. d4 Bf5 3. Nf3 e6 4. Bg5 Be7 5. Bxe7 Qxe7 6. e3 Nf6 7. Nh4 O-O 8. Nxf5 exf5 9. Nd2 f4 10. Qf3 fxe3 11. fxe3 Re8 12. Kf2 Ne4+ 13. Nxe4 dxe4 14. Qg3 c6 15. Be2 Nd7 16. h4 b5 17. h5 h6 18. Rh4 f5 19. Rah1 Rf8 20. Rf4 Rf6 21. Rh3 Raf8 22. Kg1 Nb6 23. Qh4 Nd5 24. Rf2 Kh7 25. c4 bxc4 26. Bxc4 Qb4 27. Bxd5 cxd5 28. Rc2 f4 29. Rc7 Qb6 30. Rd7 fxe3 31. Qg4 Rf1+ 32. Kh2 R1f7 33. Rxd5 Rf4 34. Qg6+ Qxg6 35. hxg6+ Kxg6 36. Rxe3 Rb8 37. b3 Re8 38. a4 Rf2 39. b4 Rb2 40. b5 Re6 41. a5 Kf6 42. Kh3 g5 43. Rc5 g4+ 44. Kg3 Kg6 45. Rc6 Kf5 46. Rxe6 Kxe6 47. Rxe4+ Kd5 48. Rxg4 Rxb5 49. Rf4 Kc4 50. d5+ Kxd5 51. Rf5+ Kc6 52. Rxb5 1/2-1/2